000 00515nam a22001817a 4500
005 20231107073949.0
008 231107b |||||||| |||| 00| 0 eng d
020 _a9780409054996
041 _aEnglish
082 _a346.43 WES
100 _aWest, A
_lEnglish
245 _aConveyancing Practice Guide /
_cA West
250 _a4th Edition
260 _aDurban :
_bLexisNexis,
_c2015
300 _bix, 423 pages ;
_c25 cm.
650 _aLegal practice
_bLaw
942 _cBK
_6ALISON_BN_VRIES
999 _c348
_d348